| 000 | 00491nam a22001937a 4500 | ||
|---|---|---|---|
| 003 | NUST - PNEC | ||
| 005 | 20170116180752.0 | ||
| 008 | 150312b xxu||||| |||| 00| 0 eng d | ||
| 020 | _a1557508135 | ||
| 040 | _cLIBRARY | ||
| 082 | _a359 JAM | ||
| 100 |
_91752 _aStavridis, James |
||
| 245 |
_aWatch Officer's Guide _cJames Stavridis |
||
| 250 | _a14th.ed. | ||
| 260 |
_aU S Naval _bMaryland _cC 2000 |
||
| 300 |
_a381 p. : _c22 cm. |
||
| 650 |
_93345 _aUS NAVY _xU S N |
||
| 942 |
_2ddc _cBK |
||
| 999 |
_c62584 _d62584 |
||